The best men's stage monologues of 1993. (Record no. 10275)

000 -LEADER
fixed length control field 00464nam a2200145 4500
008 - FIXED-LENGTH DATA ELEMENTS--GENERAL INFORMATION
fixed length control field 151204b xxu||||| |||| 00| 0 eng d
020 ## - INTERNATIONAL STANDARD BOOK NUMBER
International Standard Book Number 1880399431
050 ## - LIBRARY OF CONGRESS CALL NUMBER
Classification number PN 2080.B43 1993
100 ## - MAIN ENTRY--PERSONAL NAME
Personal name Beard, Jocelyn A.
Dates associated with a name 1993
245 ## - TITLE STATEMENT
Title The best men's stage monologues of 1993.
Statement of responsibility, etc. Jocelyn A. Beard
260 ## - PUBLICATION, DISTRIBUTION, ETC. (IMPRINT)
Place of publication, distribution, etc. USA;
Name of publisher, distributor, etc. Smith and Kraus , Inc.
Date of publication, distribution, etc. 1993.
300 ## - PHYSICAL DESCRIPTION
Extent 94 p. :
Dimensions 24cm
650 ## - SUBJECT ADDED ENTRY--TOPICAL TERM
Topical term or geographic name as entry element English fiction.
942 ## - ADDED ENTRY ELEMENTS (KOHA)
Source of classification or shelving scheme
Koha item type Hard Covered Materials
Classification part PN 2080.B43 1993
Holdings
Withdrawn status Lost status Source of classification or shelving scheme Damaged status Not for loan Home library Current library Date acquired Source of acquisition Total Checkouts Full call number Barcode Date last seen Price effective from Koha item type
          MACHAKOS UNIVERSITY LIBRARY MACHAKOS UNIVERSITY LIBRARY 04/12/2015 Donation (B.F.A)   PN 2080.B43 1993 19414 04/12/2015 04/12/2015 Hard Covered Materials
© Machakos University Library, Along The Highway, Machakos Wote Rd, Machakos, Kenya P.O. Box 136 - 90100 Machakos - Kenya

Tel: ( +254 ) 723 805829 OR Fax : 044-20353 OR Email: library@mksu.ac.ke